American book publishing record (رقم التسجيلة. 109644)

تفاصيل مارك
000 -LEADER
fixed length control field 01140cas a22003491 4500
003 - EG-GICUS
control field OSt
005 - DATE AND TIME OF LATEST TRANSACTION
control field 20241211141213.0
008 - FIXED-LENGTH DATA ELEMENTS--GENERAL INFORMATION
fixed length control field 090329c19609999nyumr p 0 a0eng d
022 0# - INTERNATIONAL STANDARD SERIAL NUMBER
International Standard Serial Number 0002-7707
Canceled ISSN 0000-0639
-- 0569-3535
-- 0569-3527
040 ## - CATALOGING SOURCE
Original cataloging agency MnMULS
Transcribing agency MnMULS
Modifying agency NAlULS
-- FGULS
-- DI
-- CtY
-- NIC
-- NSDP
-- DLC
-- OCoLC
-- DLC
-- OCoLC
-- OCoLC
-- OCoLC
-- AIP
-- NSDP
-- DLC
-- MH
-- NST
-- NSDP
-- NST
-- MH
-- NST
-- InU
-- N
-- DNAL
-- InU
-- DNLM
-- OCoLC
-- MH
043 ## - GEOGRAPHIC AREA CODE
Geographic area code n-us---
092 #4 - LOCALLY ASSIGNED DEWEY CALL NUMBER (OCLC)
Classification number 015.05
Item number A51227
Edition number 21
099 ## - LOCAL FREE-TEXT CALL NUMBER (OCLC)
Classification number \4
-- 015.05 A51227
222 #0 - KEY TITLE
Key title American book publishing record
245 00 - TITLE STATEMENT
Title American book publishing record
246 3# - VARYING FORM OF TITLE
Title proper/short title ABPR
Date or sequential designation June 1985-
246 3# - VARYING FORM OF TITLE
Title proper/short title BPR
Date or sequential designation 1960-May 1985
300 ## - PHYSICAL DESCRIPTION
Extent v.
Dimensions 24 cm.
310 ## - CURRENT PUBLICATION FREQUENCY
Current publication frequency
336 ## - CONTENT TYPE
Content type term text
Source rda content
337 ## - MEDIA TYPE
Media type term Unmediated
Source rdamedia
338 ## - CARRIER TYPE
Carrier type term volume
Source rdacarrier
362 0# - DATES OF PUBLICATION AND/OR SEQUENTIAL DESIGNATION
Dates of publication and/or sequential designation v. 1- Feb. 1960-
500 ## - GENERAL NOTE
General note At head of title: BPR, 1960-May 1985; ABPR, June 1985-
541 ## - IMMEDIATE SOURCE OF ACQUISITION NOTE
Source of acquisition Deposit
650 #2 - SUBJECT ADDED ENTRY--TOPICAL TERM
Topical term or geographic name entry element Book Prices.
651 #0 - SUBJECT ADDED ENTRY--GEOGRAPHIC NAME
Geographic name United States
General subdivision Imprints
Form subdivision Periodicals.
710 2# - ADDED ENTRY--CORPORATE NAME
Corporate name or jurisdiction name as entry element R.R. Bowker Company.
905 ## - LOCAL DATA ELEMENT E, LDE (RLIN)
Cataloger
Reviser
905 ## - LOCAL DATA ELEMENT E, LDE (RLIN)
Cataloger Hala
Reviser
942 ## - ADDED ENTRY ELEMENTS (KOHA)
Koha item type Continuing Resources
Suppress in OPAC No
999 ## -
-- 109644
-- 109644
المقتنيات
Full call number Home library Current library Source of classification or shelving scheme Koha item type Inventory number
015.05 A51227. المكتبة المركزبة الجديدة - جامعة القاهرة قاعة الصحف والدوريات - الدور الثالث Dewey Decimal Classification Continuing Resources 13238280
Cairo University Libraries Portal Implemented & Customized by: Eng. M. Mohamady Contacts: new-lib@cl.cu.edu.eg | cnul@cl.cu.edu.eg
CUCL logo CNUL logo
© All rights reserved — Cairo University Libraries
CUCL logo
Implemented & Customized by: Eng. M. Mohamady Contact: new-lib@cl.cu.edu.eg © All rights reserved — New Central Library
CNUL logo
Implemented & Customized by: Eng. M. Mohamady Contact: cnul@cl.cu.edu.eg © All rights reserved — Cairo National University Library